L'Arménie en images - Statistiques

Statistiques générales
  • Ce quiz a été pris 190 fois
  • Le résultat moyen est 12 sur 18
Statistiques - réponses
Par images Hint Réponse % Correct
Chanteur Charles Aznavour
96%
Famille Kardashian
95%
Ville Erevan
92%
Episode biblique Arche de Noé
90%
Evènement Génocide arménien
89%
Jeu de société Echecs
85%
Fruit Abricot
84%
Ancien Etat Empire ottoman
79%
Catastrophe naturelle Séisme de 1988 en Arménie
74%
Sommet Mont {Ararat}
66%
Invention Viticulture
66%
Massif montagneux Caucase
61%
Territoire Haut-Karabagh
48%
Etendue d'eau Lac {Sevan}
47%
Résistant Missak Manouchian
47%
Monnaie Dram
44%
Ville Gyumri
23%
Chanson Pour toi Arménie
17%
Aucun quiz correspondant
Distribution des résultats
% des personnes avec chaque résultat
Percentile par nombre de réponses
Votre historique - résultats
Vous n’avez pas pris ce quiz